Bhishma sankalpa: (Record no. 143789)
[ view plain ]
| 000 -LEADER | |
|---|---|
| fixed length control field | 00523nam a2200181Ia 4500 |
| 003 - CONTROL NUMBER IDENTIFIER | |
| control field | OSt |
| 005 - DATE AND TIME OF LATEST TRANSACTION | |
| control field | 20240903100547.0 |
| 008 - FIXED-LENGTH DATA ELEMENTS--GENERAL INFORMATION | |
| fixed length control field | 210210b1947 xxu||||| |||| 00| 0 eng d |
| 040 ## - CATALOGING SOURCE | |
| Transcribing agency | AL |
| 041 ## - LANGUAGE CODE | |
| Language code of text/sound track or separate title | kan |
| 082 ## - DEWEY DECIMAL CLASSIFICATION NUMBER | |
| Classification number | 853/373 |
| 100 ## - MAIN ENTRY--PERSONAL NAME | |
| Personal name | RAMARAYA SAMETANA HALLI |
| 9 (RLIN) | 64311 |
| Dates associated with a name | ರಾಮರಾಯ ಸಮೇತನ ಹಳ್ಳಿ |
| 245 ## - TITLE STATEMENT | |
| Title | Bhishma sankalpa: |
| Remainder of title | ಭೀಷ್ಮ ಸಂಕಲ್ಪ |
| 260 ## - PUBLICATION, DISTRIBUTION, ETC. | |
| Place of publication, distribution, etc. | Bengaluru |
| Name of publisher, distributor, etc. | N S Vasan and Co |
| Date of publication, distribution, etc. | 1947 |
| 690 ## - LOCAL SUBJECT ADDED ENTRY--TOPICAL TERM (OCLC, RLIN) | |
| Topical term or geographic name as entry element | Kannada Drama |
| 9 (RLIN) | 64314 |
| 906 ## - LOCAL DATA ELEMENT F, LDF (RLIN) | |
| a | 019648 |
| 942 ## - ADDED ENTRY ELEMENTS (KOHA) | |
| Source of classification or shelving scheme | Dewey Decimal Classification |
| Koha item type | Book |
| Withdrawn status | Lost status | Damaged status | Not for loan | Collection code | Home library | Current library | Shelving location | Date acquired | Cost, normal purchase price | Total Checkouts | Full call number | Barcode | Date last seen | Date last checked out | Price effective from | Koha item type |
|---|---|---|---|---|---|---|---|---|---|---|---|---|---|---|---|---|
| St Aloysius Library | St Aloysius Library | 02/17/2021 | 0.00 | 1 | 853/373 | 019648 | 10/04/2023 | 11/30/2022 | 02/17/2021 | Book |